| 000 | 00690nam a2200193 i 4500 | ||
|---|---|---|---|
| 001 | 104316 | ||
| 003 | ES-MaACL | ||
| 005 | 20230906183552.0 | ||
| 007 | t| | ||
| 008 | 051128s1913 sp ||||1| spa d | ||
| 100 | 1 |
_aMillán y Núñez, Salvador. _981163 |
|
| 245 | 1 | 0 |
_aMemoria leída por el que suscribe... en el ejercicio para el grado de Doctor en Derecho / _c[Salvador Millán y Núñez]. |
| 260 |
_aSevilla : _b[s.n.], _c1913 ( _fImp. de López Hermanos) |
||
| 300 |
_a79 p. ; _c20 cm. |
||
| 500 | _aTema: Estudio sobre la tutela en nuestro derecho patrio. | ||
| 594 | _aAutor tomado del final del texto. | ||
| 650 | 0 | 4 |
_aTutela- _zEspaña. _917676 |
| 852 |
_aES-MaACL _jT-1428-F-5 |
||
| 999 |
_c104316 _d104316 |
||